00377nam a2200157Ia 45000010006000000050017000060080041000230410008000640820023000721000024000952450039001192600009001583000036001676500008002036540008002111271220260306163001.0260306t1974||||xx |||||||||||||| ||spa|| aESP aHR 720bN° 176 AA aBonnet, Denis,eAUT 0aAA :bl'architecture d'aujourd'hui c1974 axcviii, 140 páginas :c31 cm. aGEN aCAU